Statistiques concernant personnages des nouveaux chevaliers du zodiaque

Cliquez ici pour prendre le quiz!

Statistiques générales

  • Ce quiz a été pris 12 fois
  • Le résultat moyen est 15 sur 32

Statistiques - réponses

Hint Answer % Correct
Sshun
100%
Sseiya
100%
Sshiryu
88%
Iikki
75%
Hhyoga
63%
Pparadox
63%
Kkoga
63%
Mmars
63%
Ffudo
63%
Yyuna
63%
Ssoma
63%
Eeden
63%
Rryuho
50%
Ssubaru
50%
Kkiki
50%
Hharbinger
50%
Hharuto
50%
Sshaina
38%
Aaria
38%
Ggenbu
38%
Ssonia
38%
Ppallas
38%
Ttokisada
25%
Ttatsumi
25%
Ttitan
25%
Mmedée
25%
Ggeki
25%
Rraki
25%
Hhyperion
13%
Ssahori
13%
Ggallia
13%
Aaegaeon
0%

Distribution des résultats

Percentile by Number Answered

% des personnes avec chaque résultat

Votre développement - résultats

Vous n’avez pas pris ce quiz